Normal view MARC view
  • Read, C. Stanford

Entry Nombre Personal

Number of records used in: 1

001 - NUMERO DE CONTROL

  • campo de control: 51404

003 - IDENTIFICADOR DE NUMERO DE CONTROL

  • campo de control: DLC

005 - FECHA Y HORA DE LA ÜLTIMA TRANSACCIÓN

  • campo de control: 20240319085355.0

008 - DATOS DE LONGITUD FIJA

  • campo de control de longitud fija: 010620n| azannaabn |a aaa

010 ## - NÚMERO DE CONTROL DE LA BIBLIOTECA DEL CONGRESO

  • Número de control LC: n 2001128119

035 ## - NUMERO DE CONTROL

  • Número de control: (DNLM)826289

035 ## - NUMERO DE CONTROL

  • Número de control: (OCoLC)oca05516468

040 ## - FUENTE DE CATALOGACIÓN

  • Agencia original de catalogación: DNLM
  • Lenguaje de catalogación: spa
  • Description conventions: rda
  • Agencia de transcripción: DNLM
  • Agencia que lo modifica: MdU
  • Agencia que lo modifica: OCoLC
  • Agencia que lo modifica: DLC
  • Agencia que lo modifica: MX-MxUPN

046 ## - FECHAS CON CODIFICACIÓN ESPECIAL

  • Fecha de nacimiento: 1871

100 1# - ENCABEZAMIENTO - NOMBRE PERSONAL

  • Nombre personal: Read, C. Stanford
  • Fuller form of name: (Charles Stanford),
  • Fechas asociadas con el nombre: 1871-

378 ## - FORMA COMPLETA DE NOMBRE PERSONAL

  • Fuller form of personal name: Charles Stanford

400 1# - VEÁSE - NOMBRE DE PERSONA

  • Control subfield: nnea
  • Personal name: Read, C. Stanford
  • Fuller form of name: (Charles Stanford),
  • Dates associated with a name: b. 1871

400 1# - VEÁSE - NOMBRE DE PERSONA

  • Personal name: Read, Charles Standord,
  • Dates associated with a name: 1871-

400 1# - VEÁSE - NOMBRE DE PERSONA

  • Personal name: Read, Stanford,
  • Dates associated with a name: 1871-

400 1# - VEÁSE - NOMBRE DE PERSONA

  • Personal name: Read, C. Stanford,
  • Dates associated with a name: 1871-

670 ## - FUENTE EN LA QUE SE LOCALIZARON DATOS

  • Cita de la fuente: Fads and feeding, 1909:
  • Información localizada: portada (C. Stanford Read; MB (Lond.), M.R.C.S., L.R.C.P.)

670 ## - FUENTE EN LA QUE SE LOCALIZARON DATOS

  • Cita de la fuente: OCLC#3633230: The nervous patient, 1924:
  • Información localizada: (hdg.: Read, Stanford; usage: Stanford Read)

670 ## - FUENTE EN LA QUE SE LOCALIZARON DATOS

  • Cita de la fuente: WwW among Eng. and Eur. authors, 1931-1949, c1978
  • Información localizada: (Read, Charles Stanford; b. 1871 in London; psychiatry, psychol. & psychopathology)

670 ## - FUENTE EN LA QUE SE LOCALIZARON DATOS

  • Cita de la fuente: Luchas de la adolescencia masculina : psicología sexual educativa, 1931:
  • Información localizada: portada (C. Stanford Read)

902 ## - CATALOGADOR

  • Catalogador: Víctor Ruiz/190324